000 00292nam a22001337a 4500
008 170131b xxu||||| |||| 00| 0 eng d
020 _a9241561785
041 _aeng
080 _a61
100 _a3
101 _aSHM
245 _aTHE WORLD HEALTH REPORT 1995
_cNAKAJIMA, H
942 _2udc
_cBK
999 _c4165
_d4165